000
00231 a2200109 4500
003
Nust
005
20170207154228.0
040
_c
Nust
082
_a
371.33
245
_a
Unit Censorship (VHS-456)
440
_a
Unit Censorship (VHS-456)
538
_a
Duration Nil
999
_c
195674
_d
195674